La Economía del bloque hispanoportugués / (Record n. 33249)

Dettagli MARC
000 -LEADER
fixed length control field 00892nam a2200229 i 4500
003 - CONTROL NUMBER IDENTIFIER
control field IT-RoINE
005 - DATE AND TIME OF LATEST TRANSACTION
control field 20191216065346.0
008 - FIXED-LENGTH DATA ELEMENTS--GENERAL INFORMATION
fixed length control field 140910s1946 sp ab r 001 | spa d
040 ## - CATALOGING SOURCE
Original cataloging agency UZ.FEM
Transcribing agency IT-RoINE
Modifying agency IT-RoINE
100 1# - MAIN ENTRY--PERSONAL NAME
Personal name Ruiz Morales, José Miguel
9 (RLIN) 10825
245 13 - TITLE STATEMENT
Title La Economía del bloque hispanoportugués /
Statement of responsibility, etc José Miguel Ruiz Morales.
260 ## - PUBLICATION, DISTRIBUTION, ETC. (IMPRINT)
Place of publication, distribution, etc Madrid :
Name of publisher, distributor, etc Instituto de Estudios Políticos,
Date of publication, distribution, etc 1946.
300 ## - PHYSICAL DESCRIPTION
Extent 500 p., [5] h. de tablas pleg., [12] h. de lám. b. y n., [6] h. de mapas pleg. ;
Dimensions 22 cm.
336 ## - CONTENT TYPE
Source rdacontent
Content type term text
337 ## - MEDIA TYPE
Source rdamedia
Media type term unmediated
338 ## - CARRIER TYPE
Source rdacarrier
Carrier type term volume
500 ## - GENERAL NOTE
General note Incluye índices.
504 ## - BIBLIOGRAPHY, ETC. NOTE
Bibliography, etc Bibliografía: p. [435]-440.
651 #4 - SUBJECT ADDED ENTRY--GEOGRAPHIC NAME
Geographic name España
General subdivision Relaciones económicas exteriores
Geographic subdivision Portugal
Chronological subdivision Siglo 20o.
9 (RLIN) 65456
651 #4 - SUBJECT ADDED ENTRY--GEOGRAPHIC NAME
Geographic name Portugal
General subdivision Relaciones económicas exteriores
Geographic subdivision España
Chronological subdivision Siglo 20o.
9 (RLIN) 65457
942 ## - ADDED ENTRY ELEMENTS (KOHA)
Item type Monografías
Dati di copia
Withdrawn status Lost status Damaged status Not for loan Home library Current library Date acquired Total Checkouts Full call number Barcode Date last seen Price effective from Koha item type
        Iglesia Nacional Española en Roma Iglesia Nacional Española en Roma 16/12/2019   HIS.ESP.4. 936 60624 16/12/2019 16/12/2019 Monografías